Đông phương triết học cương yếu

Wedi'i Gadw mewn:
Manylion Llyfryddiaeth
Prif Awdur: Lý, Minh Tuấn
Fformat: Llyfr
Iaith:Undetermined
Cyhoeddwyd: Huế Thuận Hóa 2005
Pynciau:
Tagiau: Ychwanegu Tag
Dim Tagiau, Byddwch y cyntaf i dagio'r cofnod hwn!
Thư viện lưu trữ: Trung tâm Học liệu Trường Đại học Cần Thơ
LEADER 00530nam a2200193Ia 4500
001 CTU_93875
008 210402s9999 xx 000 0 und d
020 |c 74000 
082 |a 181.11 
082 |b T502 
100 |a Lý, Minh Tuấn 
245 0 |a Đông phương triết học cương yếu 
245 0 |c Lý Minh Tuấn 
260 |a Huế 
260 |b Thuận Hóa 
260 |c 2005 
650 |a Philosophy, oriental 
904 |i Tuyến 
980 |a Trung tâm Học liệu Trường Đại học Cần Thơ